| 000 | 01323nam a2200289Ia 4500 | ||
|---|---|---|---|
| 999 |
_c53469 _d53469 |
||
| 001 | 20515 | ||
| 003 | GE_BSU | ||
| 005 | 20210106002007.0 | ||
| 008 | 181216s1987||||ge |||||||||||||| || || | ||
| 040 | _cGE_BSU | ||
| 041 | _ageo | ||
| 080 | _a811.353.1-8(075.3) შ-21 | ||
| 100 |
_aშანიძე, აკაკი _910003 |
||
| 245 |
_aქართული ენა (სინტაქსი, პუნქტუაცია, მეტყველების განვითარება) : _cაკაკი შანიძე, ლ. კვაჭაძე ; რედ. ე. პოლოლიკაშვილი. |
||
| 250 | _aმეორე გამოცემა | ||
| 264 |
_aთბილისი : _bგანათლება, _c1987. |
||
| 300 |
_a90 გვ. ; _c22 სმ. |
||
| 541 | _h30 თ. | ||
| 653 | _aმე-7 კლასის სახელმძღვანელო | ||
| 653 | _aქართული ენა | ||
| 653 | _aსინტაქსი | ||
| 653 | _aპუნქტუაცია | ||
| 653 | _aმეტყველების განვითარება | ||
| 700 |
_a კვაჭაძე, ლ. _eავტორი _910004 |
||
| 700 |
_aპოლოლიკაშვილი, ე. _eრედაქტორი _94959 |
||
| 942 |
_cBK _2udc |
||